| 000 | 00600nam a2200193 4500 | ||
|---|---|---|---|
| 001 | 126417 | ||
| 003 | ES-MaACL | ||
| 005 | 20230906192821.0 | ||
| 007 | t| | ||
| 008 | 070214s1901 fr r ||||1| fre d | ||
| 100 | 1 |
_aRenouvier, Charles. _996235 |
|
| 245 | 1 | 0 |
_aHistoire et solution des problèmes métaphysiques / _cpar Charles Renouvier. |
| 260 |
_aParis : _bFélix Alcan, _c1901. |
||
| 300 |
_aII, 477 p. ; _c23 cm. |
||
| 490 | 1 | _aBibliotheque de Philosophie Contemporaine | |
| 830 | 0 |
_aBibliotheque de Philosophie Contemporaine _9181027 |
|
| 852 |
_aES-MaACL _jB-7050 |
||
| 999 |
_c126417 _d126417 |
||